Možnosti rozvoja slovenskej gastronómie bakalárska práca

Na minha lista:
Detalhes bibliográficos
Autor principal: Kišová, Barbara
Autor Corporativo: Obchodná fakulta EU. Katedra služieb a cestovného ruchu - zrušené
Outros Autores: Veszprémi Sirotková, Anna, 1966-
Formato: Livro
Idioma:eslovaco
Publicado em: Bratislava 2018
Tags: Adicionar Tag
Sem tags, seja o primeiro a adicionar uma tag!

MARC

LEADER 00000nbm a2200000 4500
001 0245166
005 20180906133502.6
041 0 |a slo 
044 |a SK 
245 1 0 |a Možnosti rozvoja slovenskej gastronómie  |b bakalárska práca  |c Barbara Kišová ; školiteľ: Anna Veszprémi Sirotková 
264 1 |a Bratislava  |c 2018 
300 |a 42 s. 
100 1 |a Kišová, Barbara 
700 1 |a Veszprémi Sirotková, Anna, 1966- 
710 2 |a Obchodná fakulta EU. Katedra služieb a cestovného ruchu - zrušené